New language leader. pre-intermediate : coursebook /
Guardado en:
| Autor Principal: | |
|---|---|
| Otros Autores: | |
| Formato: | Libro |
| Publicado: |
Lomdon :
Pearson,
2014
|
| Series: | Always learning
|
| Materias: | |
| Etiquetas: |
Agregar Etiqueta
Sin Etiquetas, Sea el primero en etiquetar este registro!
|
| LEADER | 00621nam a22002175a 4500 | ||
|---|---|---|---|
| 001 | CEM.cems014670 | ||
| 005 | 20151211163432.0 | ||
| 008 | 130507s2014##################000#0#####d | ||
| 003 | CEMS | ||
| 020 | |a 9781447961529 | ||
| 082 | 0 | 4 | |a 428.64 |
| 100 | 1 | |a Lebeau, Ian | |
| 245 | 1 | 0 | |a New language leader. pre-intermediate : |b coursebook / |c Ian Lebeau And Gareth Rees |
| 260 | |a Lomdon : |b Pearson, |c 2014 | ||
| 300 | |a 168 p. | ||
| 490 | 0 | |a Always learning | |
| 653 | |a Inglés | ||
| 653 | |a Inglés-textos | ||
| 653 | |a Inglés-student's | ||
| 700 | 1 | |a Rees, Gareth | |
| 859 | |a CEMS |b BIB. CEMS - 11 de abril |h 428.64 |i L491 |p 27267.15 |t Ej.1 | ||
